Car Seat Headrest Songs - Sudden Death - Statistics

General Stats
  • This quiz has been taken 260 times
  • The average score is 5 of 15
Answers on the Grid
Answers color-coded by a green-red scale on the quiz's grid according to % correct below.
Something Soon
Cute Thing
Marvin
Sober to Death
High to Death
The Ballad of Costa Rica
Nervous Young Humans
Space Hero
What I Needed
Times to Die
Time of Life
Overexposed
Underexposed
Life Worth Living
Joe Goes to School
Sunburned Shirts
Homes
Glass Beach
Famous Minds
Drunk Drivers/Killer Whales
Fill in the Blank
Destroyed by You
Kafka
Burning Man
War is Over
Lawns
College
Keep Smoking (I Love You)
Oh! Starving
The Gun Song
 
Answer Stats
Answer % Correct
Cute Thing
88%
Sober to Death
73%
Something Soon
67%
High to Death
64%
Times to Die
31%
Drunk Drivers/Killer Whales
23%
Oh! Starving
17%
Fill in the Blank
15%
Sunburned Shirts
14%
Overexposed
13%
The Gun Song
13%
Joe Goes to School
12%
Burning Man
10%
Homes
10%
Lawns
10%
No matching quizzes found
Score Distribution
Percent of People with Each Score
Percentile by Number Answered
Your Score History
You have not taken this quiz